[Event "1SM"]
[Site "Sharjah Chess Club"]
[Date "2017.03.29"]
[Round "7.21"]
[White "Sidhant, Mohapatra"]
[Black "Sunilduth Lyna, Narayanan"]
[Result "1/2-1/2"]
[BlackElo "2526"]
[WhiteElo "2341"]
[LiveChessVersion "1.4.8"]

1. e4 {[%clk 1:40:33]} e5 {[%clk 1:40:54]} 2. Nf3 {[%clk 1:40:49]} Nc6
{[%clk 1:41:19]} 3. Bb5 {[%clk 1:41:10]} a6 {[%clk 1:41:44]} 4. Ba4
{[%clk 1:41:35]} d6 {[%clk 1:42:10]} 5. O-O {[%clk 1:41:44]} Bd7 {[%clk 1:41:53]}
6. d4 {[%clk 1:32:27]} exd4 {[%clk 1:41:37]} 7. Nxd4 {[%clk 1:32:28]} Be7
{[%clk 1:39:54]} 8. Nxc6 {[%clk 1:28:44]} bxc6 {[%clk 1:38:53]} 9. c4
{[%clk 1:28:13]} Nf6 {[%clk 1:38:50]} 10. Nc3 {[%clk 1:28:32]} O-O
{[%clk 1:39:08]} 11. Bc2 {[%clk 1:26:00]} Re8 {[%clk 1:24:57]} 12. b3
{[%clk 1:20:28]} Bf8 {[%clk 1:18:30]} 13. h3 {[%clk 1:14:42]} g6 {[%clk 1:18:16]}
14. Bg5 {[%clk 1:14:20]} h6 {[%clk 1:13:56]} 15. Be3 {[%clk 1:11:41]} c5
{[%clk 1:13:13]} 16. Qd2 {[%clk 1:06:18]} Bc6 {[%clk 1:07:24]} 17. Bxh6
{[%clk 0:57:56]} Bxh6 {[%clk 1:05:00]} 18. Qxh6 {[%clk 0:58:17]} Bxe4
{[%clk 1:00:14]} 19. Nxe4 {[%clk 0:36:54]} Nxe4 {[%clk 1:00:35]} 20. Rae1
{[%clk 0:37:19]} Qg5 {[%clk 0:59:45]} 21. Qxg5 {[%clk 0:37:43]} Nxg5
{[%clk 1:00:10]} 22. f4 {[%clk 0:38:10]} Ne6 {[%clk 0:44:41]} 23. Be4
{[%clk 0:37:49]} Rad8 {[%clk 0:44:43]} 24. f5 {[%clk 0:36:49]} gxf5
{[%clk 0:44:51]} 25. Bc6 {[%clk 0:37:09]} Re7 {[%clk 0:41:30]} 26. Rxf5
{[%clk 0:37:20]} Kg7 {[%clk 0:41:15]} 27. Re3 {[%clk 0:30:22]} Rh8
{[%clk 0:41:26]} 28. Bd5 {[%clk 0:28:56]} Rh6 {[%clk 0:35:07]} 29. g4
{[%clk 0:25:27]} 1/2-1/2

[Event "1SM"]
[Site "Sharjah Chess Club"]
[Date "2017.03.29"]
[Round "7.22"]
[White "Kulkarni, Rakesh"]
[Black "Xu, Xiangyu"]
[Result "0-1"]
[BlackElo "2503"]
[WhiteElo "2325"]
[LiveChessVersion "1.4.8"]

1. e4 {[%clk 1:40:47]} c5 {[%clk 1:40:56]} 2. c3 {[%clk 1:40:56]} d5
{[%clk 1:41:21]} 3. exd5 {[%clk 1:41:14]} Qxd5 {[%clk 1:41:46]} 4. d4
{[%clk 1:41:40]} Nf6 {[%clk 1:42:10]} 5. Nf3 {[%clk 1:41:15]} Nc6
{[%clk 1:42:31]} 6. Be3 {[%clk 1:31:58]} cxd4 {[%clk 1:42:08]} 7. cxd4
{[%clk 1:26:27]} e6 {[%clk 1:42:32]} 8. Bd3 {[%clk 1:26:51]} Be7 {[%clk 1:31:21]}
9. Nc3 {[%clk 1:26:35]} Qd6 {[%clk 1:31:27]} 10. a3 {[%clk 1:26:00]} O-O
{[%clk 1:21:38]} 11. O-O {[%clk 1:21:30]} b6 {[%clk 1:19:54]} 12. Qe2
{[%clk 1:20:54]} Bb7 {[%clk 1:14:31]} 13. Rad1 {[%clk 1:20:15]} Rfd8
{[%clk 1:12:07]} 14. Bb1 {[%clk 1:14:31]} Rac8 {[%clk 1:07:41]} 15. Ng5
{[%clk 1:02:21]} Na5 {[%clk 1:03:18]} 16. f4 {[%clk 0:52:40]} Nc4
{[%clk 1:01:06]} 17. Bc1 {[%clk 0:52:07]} h6 {[%clk 0:41:41]} 18. Kh1
{[%clk 0:34:37]} Nxa3 {[%clk 0:29:16]} 19. Bd3 {[%clk 0:26:00]} b5
{[%clk 0:29:30]} 20. Nce4 {[%clk 0:19:10]} Bxe4 {[%clk 0:27:58]} 21. Nxe4
{[%clk 0:18:32]} Nxe4 {[%clk 0:28:25]} 22. Bxe4 {[%clk 0:14:15]} f5
{[%clk 0:27:37]} 23. Bd3 {[%clk 0:13:34]} Nc4 {[%clk 0:28:03]} 24. b3
{[%clk 0:13:59]} Nb6 {[%clk 0:28:29]} 25. Bxb5 {[%clk 0:14:10]} Qd5
{[%clk 0:28:51]} 26. Rf3 {[%clk 0:13:13]} Bf6 {[%clk 0:28:38]} 27. Ba3
{[%clk 0:12:06]} Qe4 {[%clk 0:19:48]} 28. Re3 {[%clk 0:10:53]} Qxf4
{[%clk 0:20:13]} 29. Rxe6 {[%clk 0:10:58]} Rxd4 {[%clk 0:19:18]} 30. Rf1
{[%clk 0:06:37]} Qg4 {[%clk 0:19:46]} 31. Qxg4 {[%clk 0:03:11]} fxg4
{[%clk 0:20:13]} 32. Bb2 {[%clk 0:03:37]} Rb4 {[%clk 0:19:49]} 33. Ba6
{[%clk 0:03:10]} Bxb2 {[%clk 0:18:49]} 34. Bxc8 {[%clk 0:03:36]} Nxc8
{[%clk 0:19:17]} 35. Re8+ {[%clk 0:03:58]} Kh7 {[%clk 0:19:45]} 36. Rxc8
{[%clk 0:04:19]} Rxb3 {[%clk 0:20:11]} 37. Rc4 {[%clk 0:03:16]} h5
{[%clk 0:19:46]} 38. Ra4 {[%clk 0:03:42]} Rb7 {[%clk 0:20:10]} 39. Rb1
{[%clk 0:02:28]} Re7 {[%clk 0:20:34]} 40. Kg1 {[%clk 0:02:04]} Bc3
{[%clk 0:20:19]} 41. Kf2 {[%clk 0:01:58]} Kh6 {[%clk 0:19:12]} 42. Rc1
{[%clk 0:01:35]} Bd2 {[%clk 0:19:11]} 43. Rc6+ {[%clk 0:01:08]} Kh7
{[%clk 0:19:09]} 44. h3 {[%clk 0:01:28]} Be1+ {[%clk 0:18:35]} 45. Kg1
{[%clk 0:01:41]} g3 {[%clk 0:18:59]} 46. Ra1 {[%clk 0:01:09]} Bf2+
{[%clk 0:17:54]} 47. Kf1 {[%clk 0:01:29]} Bb6 {[%clk 0:17:23]} 48. Ra3
{[%clk 0:00:58]} h4 {[%clk 0:17:52]} 49. Rc4 {[%clk 0:00:33]} g5 {[%clk 0:18:09]}
50. Rf3 {[%clk 0:00:48]} Ba5 {[%clk 0:18:04]} 51. Rc1 {[%clk 0:00:54]} Bb4
{[%clk 0:18:30]} 52. Rb3 {[%clk 0:00:35]} a5 {[%clk 0:18:54]} 53. Rcb1
{[%clk 0:00:58]} Re4 {[%clk 0:19:04]} 54. Kg1 {[%clk 0:00:50]} Kg6
{[%clk 0:19:25]} 55. Rf3 {[%clk 0:01:12]} a4 {[%clk 0:18:59]} 56. Rbf1
{[%clk 0:01:36]} a3 {[%clk 0:18:26]} 57. Ra1 {[%clk 0:00:40]} Re2
{[%clk 0:18:51]} 58. Kf1 {[%clk 0:01:01]} Rd2 {[%clk 0:19:06]} 59. Rfxa3
{[%clk 0:01:11]} Bxa3 {[%clk 0:19:29]} 60. Rxa3 {[%clk 0:01:38]} Rd1+
{[%clk 0:19:54]} 61. Ke2 {[%clk 0:02:02]} Rg1 {[%clk 0:20:18]} 62. Kf3
{[%clk 0:02:27]} Rf1+ {[%clk 0:20:45]} 0-1

[Event "1SM"]
[Site "Sharjah Chess Club"]
[Date "2017.03.29"]
[Round "7.23"]
[White "Bolourchifard, Farzad"]
[Black "Deepan, Chakkravarthy J."]
[Result "0-1"]
[BlackElo "2483"]
[WhiteElo "2310"]
[LiveChessVersion "1.4.8"]

1. e4 {[%clk 1:38:48]} c5 {[%clk 1:40:45]} 2. Nc3 {[%clk 1:39:10]} e6
{[%clk 1:41:11]} 3. g3 {[%clk 1:39:36]} Nc6 {[%clk 1:41:10]} 4. Bg2
{[%clk 1:40:02]} g6 {[%clk 1:39:15]} 5. d3 {[%clk 1:40:21]} Bg7 {[%clk 1:39:42]}
6. Be3 {[%clk 1:40:34]} b6 {[%clk 1:40:05]} 7. Qd2 {[%clk 1:37:21]} Bb7
{[%clk 1:40:24]} 8. Nge2 {[%clk 1:35:23]} a6 {[%clk 1:38:54]} 9. O-O
{[%clk 1:32:49]} Nd4 {[%clk 1:38:05]} 10. Nd1 {[%clk 1:30:08]} Nxe2+
{[%clk 1:37:37]} 11. Qxe2 {[%clk 1:30:32]} Ne7 {[%clk 1:38:02]} 12. Qd2
{[%clk 1:28:54]} O-O {[%clk 1:34:03]} 13. Bh6 {[%clk 1:15:39]} d5
{[%clk 1:33:58]} 14. Bxg7 {[%clk 1:15:43]} Kxg7 {[%clk 1:34:26]} 15. e5
{[%clk 1:12:27]} Qc7 {[%clk 1:33:01]} 16. f4 {[%clk 1:09:16]} h5 {[%clk 1:30:00]}
17. Ne3 {[%clk 0:45:57]} d4 {[%clk 1:27:11]} 18. Bxb7 {[%clk 0:44:45]} Qxb7
{[%clk 1:26:54]} 19. Qg2 {[%clk 0:43:21]} Qxg2+ {[%clk 1:23:00]} 20. Nxg2
{[%clk 0:43:45]} b5 {[%clk 1:23:05]} 21. Nh4 {[%clk 0:32:37]} Rfd8
{[%clk 1:18:32]} 22. h3 {[%clk 0:30:30]} c4 {[%clk 1:13:46]} 23. Nf3
{[%clk 0:26:22]} Rac8 {[%clk 1:02:19]} 24. Rac1 {[%clk 0:17:53]} Rd7
{[%clk 0:58:06]} 25. Rfd1 {[%clk 0:16:18]} Nf5 {[%clk 0:43:22]} 26. Kf2
{[%clk 0:16:42]} Rdc7 {[%clk 0:40:08]} 27. dxc4 {[%clk 0:13:02]} Rxc4
{[%clk 0:40:35]} 28. Rd2 {[%clk 0:12:34]} b4 {[%clk 0:41:00]} 29. Ne1
{[%clk 0:03:00]} a5 {[%clk 0:40:14]} 30. Nf3 {[%clk 0:01:06]} h4 {[%clk 0:25:46]}
31. g4 {[%clk 0:01:12]} Ng3 {[%clk 0:26:14]} 32. Rxd4 {[%clk 0:00:38]} Rxc2+
{[%clk 0:26:38]} 33. Rxc2 {[%clk 0:01:05]} Rxc2+ {[%clk 0:27:03]} 34. Ke3
{[%clk 0:00:40]} Nf1+ {[%clk 0:26:21]} 35. Kd3 {[%clk 0:00:58]} Rxb2
{[%clk 0:26:49]} 36. Rd7 {[%clk 0:00:42]} b3 {[%clk 0:07:12]} 37. axb3
{[%clk 0:01:08]} Rxb3+ {[%clk 0:07:40]} 38. Ke2 {[%clk 0:01:34]} Ng3+
{[%clk 0:08:07]} 39. Kf2 {[%clk 0:02:00]} Ne4+ {[%clk 0:08:33]} 40. Ke2
{[%clk 0:01:29]} a4 {[%clk 0:06:36]} 41. Ra7 {[%clk 0:00:48]} a3 {[%clk 0:06:15]}
42. Nd4 {[%clk 0:00:59]} Rxh3 {[%clk 0:06:26]} 43. Nxe6+ {[%clk 0:00:50]} Kg8
{[%clk 0:06:49]} 44. Ra8+ {[%clk 0:00:38]} Kh7 {[%clk 0:07:18]} 45. Ra7
{[%clk 0:00:42]} a2 {[%clk 0:03:28]} 46. Rxf7+ {[%clk 0:00:49]} Kh6
{[%clk 0:03:57]} 47. Nf8 {[%clk 0:00:36]} Ng5 {[%clk 0:04:25]} 48. fxg5+
{[%clk 0:00:33]} Kxg5 {[%clk 0:04:54]} 49. Ne6+ {[%clk 0:00:32]} Kxg4
{[%clk 0:05:09]} 50. Rf4+ {[%clk 0:00:59]} Kh5 {[%clk 0:05:13]} 51. Ra4
{[%clk 0:01:24]} Rh1 {[%clk 0:05:36]} 52. Nf4+ {[%clk 0:00:32]} Kh6
{[%clk 0:05:59]} 53. Ng2 {[%clk 0:00:31]} a1=Q {[%clk 0:05:40]} 54. Rxa1
{[%clk 0:00:42]} Rxa1 {[%clk 0:06:08]} 55. Nxh4 {[%clk 0:01:08]} Kg5
{[%clk 0:06:33]} 0-1

[Event "1SM"]
[Site "Sharjah Chess Club"]
[Date "2017.03.29"]
[Round "7.24"]
[White "Saurabh, Anand"]
[Black "Neverov, Valeriy"]
[Result "1/2-1/2"]
[BlackElo "2477"]
[WhiteElo "2284"]
[LiveChessVersion "1.4.8"]

1. e4 {[%clk 1:40:57]} c5 {[%clk 1:40:53]} 2. Nf3 {[%clk 1:41:20]} d6
{[%clk 1:41:00]} 3. d4 {[%clk 1:41:44]} cxd4 {[%clk 1:41:25]} 4. Nxd4
{[%clk 1:42:09]} Nf6 {[%clk 1:41:50]} 5. Nc3 {[%clk 1:42:34]} Nc6
{[%clk 1:42:09]} 6. Bg5 {[%clk 1:42:42]} e6 {[%clk 1:42:34]} 7. Qd2
{[%clk 1:43:01]} a6 {[%clk 1:42:53]} 8. O-O-O {[%clk 1:43:22]} Bd7
{[%clk 1:43:10]} 9. f4 {[%clk 1:43:34]} b5 {[%clk 1:43:35]} 10. Bxf6
{[%clk 1:43:52]} gxf6 {[%clk 1:43:59]} 11. Kb1 {[%clk 1:44:01]} Qb6
{[%clk 1:41:54]} 12. Nxc6 {[%clk 1:44:18]} Bxc6 {[%clk 1:42:09]} 13. f5
{[%clk 1:44:25]} b4 {[%clk 1:38:59]} 14. Ne2 {[%clk 1:44:42]} e5 {[%clk 1:39:25]}
15. Ng3 {[%clk 1:44:57]} h5 {[%clk 1:36:31]} 16. h4 {[%clk 1:45:13]} Bh6
{[%clk 1:36:45]} 17. Qxd6 {[%clk 1:45:28]} Rd8 {[%clk 1:36:46]} 18. Qxd8+
{[%clk 1:45:55]} Qxd8 {[%clk 1:37:12]} 19. Rxd8+ {[%clk 1:46:15]} Kxd8
{[%clk 1:37:40]} 20. Bxa6 {[%clk 1:46:37]} Rg8 {[%clk 1:27:08]} 21. Rh3
{[%clk 1:46:58]} Bf4 {[%clk 1:14:12]} 22. Nxh5 {[%clk 1:47:11]} Rxg2
{[%clk 1:14:31]} 23. a3 {[%clk 1:46:52]} Bxe4 {[%clk 1:01:46]} 24. Nxf4
{[%clk 1:38:25]} Bxc2+ {[%clk 0:55:30]} 25. Kc1 {[%clk 1:38:42]} exf4
{[%clk 0:55:56]} 26. Rf3 {[%clk 1:34:43]} bxa3 {[%clk 0:47:20]} 27. bxa3
{[%clk 1:34:23]} Bxf5 {[%clk 0:47:21]} 28. Rxf4 {[%clk 1:34:22]} Bg6
{[%clk 0:44:33]} 29. Rxf6 {[%clk 1:25:44]} Rg4 {[%clk 0:42:18]} 30. h5
{[%clk 1:24:24]} Bxh5 {[%clk 0:37:21]} 31. Be2 {[%clk 1:24:28]} Rg1+
{[%clk 0:37:40]} 32. Rf1 {[%clk 1:24:53]} Rxf1+ {[%clk 0:37:55]} 33. Bxf1 1/2-1/2

[Event "1SM"]
[Site "Sharjah Chess Club"]
[Date "2017.03.29"]
[Round "7.25"]
[White "Aditya, Mittal"]
[Black "Abdusattorov, Nodirbek"]
[Result "0-1"]
[BlackElo "2429"]
[WhiteElo "2183"]
[LiveChessVersion "1.4.8"]

1. d4 {[%clk 1:40:48]} Nf6 {[%clk 1:40:47]} 2. c4 {[%clk 1:41:15]} e6
{[%clk 1:40:57]} 3. Nc3 {[%clk 1:41:37]} d5 {[%clk 1:39:14]} 4. Nf3
{[%clk 1:41:32]} a6 {[%clk 1:39:35]} 5. cxd5 {[%clk 1:40:01]} exd5
{[%clk 1:39:59]} 6. Bg5 {[%clk 1:38:15]} Be6 {[%clk 1:39:43]} 7. e3
{[%clk 1:37:14]} Nbd7 {[%clk 1:39:54]} 8. Bd3 {[%clk 1:36:48]} c6
{[%clk 1:40:16]} 9. O-O {[%clk 1:36:13]} Bd6 {[%clk 1:40:35]} 10. Qc2
{[%clk 1:28:44]} h6 {[%clk 1:40:41]} 11. Bh4 {[%clk 1:25:53]} O-O
{[%clk 1:40:55]} 12. Rae1 {[%clk 1:24:42]} Qc7 {[%clk 1:39:15]} 13. Bg3
{[%clk 1:11:46]} Bxg3 {[%clk 1:35:40]} 14. hxg3 {[%clk 1:11:36]} Rfe8
{[%clk 1:34:44]} 15. Nh4 {[%clk 1:08:11]} Qd6 {[%clk 1:27:27]} 16. Nf5
{[%clk 1:03:17]} Bxf5 {[%clk 1:26:38]} 17. Bxf5 {[%clk 1:03:45]} Nf8
{[%clk 1:26:40]} 18. Na4 {[%clk 0:52:33]} g6 {[%clk 1:25:45]} 19. Bd3
{[%clk 0:52:07]} h5 {[%clk 1:24:42]} 20. f4 {[%clk 0:43:59]} Ng4 {[%clk 1:23:12]}
21. Rf3 {[%clk 0:41:13]} Ne6 {[%clk 1:17:13]} 22. Re2 {[%clk 0:36:13]} f5
{[%clk 1:15:03]} 23. a3 {[%clk 0:29:22]} b5 {[%clk 1:14:19]} 24. Nc3
{[%clk 0:24:42]} a5 {[%clk 1:13:49]} 25. Nd1 {[%clk 0:23:19]} b4 {[%clk 1:13:07]}
26. Nf2 {[%clk 0:21:31]} Nf6 {[%clk 1:12:53]} 27. a4 {[%clk 0:19:46]} Re7
{[%clk 1:12:35]} 28. b3 {[%clk 0:19:35]} Rae8 {[%clk 1:12:47]} 29. Nd1
{[%clk 0:18:07]} Rc8 {[%clk 1:10:29]} 30. Nb2 {[%clk 0:16:23]} Ng4
{[%clk 1:10:03]} 31. Bxf5 {[%clk 0:13:53]} gxf5 {[%clk 1:09:56]} 32. Qxf5
{[%clk 0:14:22]} Qd7 {[%clk 1:06:06]} 33. Qg6+ {[%clk 0:11:39]} Ng7
{[%clk 1:05:09]} 34. f5 {[%clk 0:11:12]} Rf7 {[%clk 1:05:13]} 35. e4
{[%clk 0:04:47]} dxe4 {[%clk 1:04:41]} 36. Rxe4 {[%clk 0:05:15]} Re8
{[%clk 1:04:22]} 37. Rxe8+ {[%clk 0:04:31]} Qxe8 {[%clk 1:04:48]} 38. Nd3
{[%clk 0:04:24]} Qe4 {[%clk 1:03:40]} 39. Qd6 {[%clk 0:03:24]} Rxf5
{[%clk 1:03:35]} 40. Qg6 {[%clk 0:02:16]} Qxd4+ {[%clk 1:03:51]} 41. Kh1
{[%clk 0:02:35]} Qa1+ {[%clk 1:04:14]} 0-1

[Event "1SM"]
[Site "Sharjah Chess Club"]
[Date "2017.03.29"]
[Round "7.26"]
[White "Srija, Seshadri"]
[Black "Yakubboev, Nodirbek"]
[Result "1-0"]
[BlackElo "2427"]
[WhiteElo "2166"]
[LiveChessVersion "1.4.8"]

1. e4 {[%clk 1:40:56]} c5 {[%clk 1:38:32]} 2. Nf3 {[%clk 1:41:16]} d6
{[%clk 1:38:14]} 3. d4 {[%clk 1:41:39]} Nf6 {[%clk 1:36:14]} 4. Nc3
{[%clk 1:41:57]} cxd4 {[%clk 1:35:54]} 5. Nxd4 {[%clk 1:42:20]} a6
{[%clk 1:35:54]} 6. Be2 {[%clk 1:42:22]} e5 {[%clk 1:35:27]} 7. Nb3
{[%clk 1:42:45]} Be7 {[%clk 1:35:14]} 8. Bg5 {[%clk 1:42:45]} Nbd7
{[%clk 1:33:18]} 9. a4 {[%clk 1:39:01]} b6 {[%clk 1:29:38]} 10. Bc4
{[%clk 1:34:24]} Bb7 {[%clk 1:28:06]} 11. Qe2 {[%clk 1:34:36]} O-O
{[%clk 1:27:04]} 12. Rd1 {[%clk 1:32:30]} Qc7 {[%clk 1:25:29]} 13. O-O
{[%clk 1:31:47]} Rfc8 {[%clk 1:24:47]} 14. Nd2 {[%clk 1:31:12]} h6
{[%clk 1:14:01]} 15. Bxf6 {[%clk 1:29:06]} Nxf6 {[%clk 1:12:38]} 16. Bb3
{[%clk 1:26:27]} Rab8 {[%clk 1:02:33]} 17. Rfe1 {[%clk 1:20:43]} Bf8
{[%clk 0:54:24]} 18. Nc4 {[%clk 1:16:28]} Bc6 {[%clk 0:49:26]} 19. Qd3
{[%clk 1:04:42]} b5 {[%clk 0:43:23]} 20. axb5 {[%clk 1:04:59]} axb5
{[%clk 0:43:09]} 21. Ne3 {[%clk 1:05:17]} Nd7 {[%clk 0:30:22]} 22. Ncd5
{[%clk 0:48:28]} Qd8 {[%clk 0:24:46]} 23. Nf5 {[%clk 0:45:52]} g6
{[%clk 0:22:19]} 24. Qg3 {[%clk 0:45:45]} Kh8 {[%clk 0:18:55]} 25. Nde7
{[%clk 0:35:55]} Bxe7 {[%clk 0:19:00]} 26. Nxh6 {[%clk 0:36:17]} Qf8
{[%clk 0:10:13]} 27. Nxf7+ {[%clk 0:36:24]} Kg7 {[%clk 0:10:41]} 28. Qh3
{[%clk 0:36:06]} Qxf7 {[%clk 0:10:35]} 29. Bxf7 {[%clk 0:36:30]} Kxf7
{[%clk 0:10:46]} 30. Qh7+ {[%clk 0:36:32]} Ke6 {[%clk 0:08:49]} 31. Qxg6+
{[%clk 0:35:35]} Nf6 {[%clk 0:08:00]} 32. f4 {[%clk 0:31:59]} exf4
{[%clk 0:07:27]} 33. Qf5+ {[%clk 0:32:01]} Kf7 {[%clk 0:07:56]} 34. e5
{[%clk 0:32:12]} dxe5 {[%clk 0:08:20]} 35. Rxe5 {[%clk 0:32:25]} Rc7
{[%clk 0:07:31]} 36. Qe6+ {[%clk 0:32:04]} Kg6 {[%clk 0:07:00]} 37. h4
{[%clk 0:31:10]} Rb6 {[%clk 0:06:29]} 38. Rg5+ {[%clk 0:28:22]} Kh6
{[%clk 0:06:57]} 39. Rd6 {[%clk 0:28:29]} Ra6 {[%clk 0:06:54]} 40. Qf7
{[%clk 0:28:21]} 1-0

[Event "1SM"]
[Site "Sharjah Chess Club"]
[Date "2017.03.29"]
[Round "7.27"]
[White "Iniyan, P"]
[Black "Anton Guijarro, David"]
[Result "0-1"]
[BlackElo "2676"]
[WhiteElo "2378"]
[LiveChessVersion "1.4.8"]

1. d4 {[%clk 1:40:41]} Nf6 {[%clk 1:40:53]} 2. c4 {[%clk 1:41:06]} b6
{[%clk 1:41:19]} 3. Nc3 {[%clk 1:41:11]} Bb7 {[%clk 1:41:44]} 4. Qc2
{[%clk 1:41:36]} d5 {[%clk 1:41:57]} 5. cxd5 {[%clk 1:41:51]} Nxd5
{[%clk 1:42:22]} 6. e4 {[%clk 1:42:16]} Nxc3 {[%clk 1:42:46]} 7. bxc3
{[%clk 1:42:42]} e6 {[%clk 1:43:11]} 8. Nf3 {[%clk 1:42:44]} Be7 {[%clk 1:43:11]}
9. Bb5+ {[%clk 1:37:13]} c6 {[%clk 1:43:34]} 10. Bd3 {[%clk 1:37:35]} c5
{[%clk 1:43:55]} 11. O-O {[%clk 1:28:26]} cxd4 {[%clk 1:41:46]} 12. Nxd4
{[%clk 1:18:58]} Nd7 {[%clk 1:33:33]} 13. Bb5 {[%clk 1:17:02]} a6
{[%clk 1:30:32]} 14. Bc6 {[%clk 1:14:59]} Qc8 {[%clk 1:29:15]} 15. Bxd7+
{[%clk 1:13:50]} Qxd7 {[%clk 1:29:39]} 16. Bf4 {[%clk 1:14:11]} O-O
{[%clk 1:26:28]} 17. Rfd1 {[%clk 1:14:32]} Qc8 {[%clk 1:25:08]} 18. a4
{[%clk 1:11:36]} Qc4 {[%clk 1:19:23]} 19. f3 {[%clk 0:55:26]} Rac8
{[%clk 1:10:24]} 20. Rab1 {[%clk 0:48:02]} Bc5 {[%clk 1:05:10]} 21. Qb3
{[%clk 0:47:30]} Qxb3 {[%clk 1:04:41]} 22. Rxb3 {[%clk 0:47:54]} Rfd8
{[%clk 0:58:11]} 23. Kh1 {[%clk 0:45:09]} f6 {[%clk 0:50:44]} 24. e5
{[%clk 0:45:30]} Rd5 {[%clk 0:50:16]} 25. Re1 {[%clk 0:44:06]} fxe5
{[%clk 0:50:08]} 26. Rxe5 {[%clk 0:41:06]} Bd6 {[%clk 0:50:14]} 27. Rxd5
{[%clk 0:39:02]} Bxd5 {[%clk 0:50:37]} 28. Rxb6 {[%clk 0:37:11]} Bxf4
{[%clk 0:51:00]} 29. Nxe6 {[%clk 0:37:37]} Rxc3 {[%clk 0:51:10]} 0-1

[Event "1SM"]
[Site "Sharjah Chess Club"]
[Date "2017.03.29"]
[Round "7.28"]
[White "Santos Latasa, Jaime"]
[Black "Saeed, Ishaq"]
[Result "1-0"]
[BlackElo "2312"]
[WhiteElo "2565"]
[LiveChessVersion "1.4.8"]

1. c4 {[%clk 1:40:58]} Nf6 {[%clk 1:39:12]} 2. Nc3 {[%clk 1:41:15]} c5
{[%clk 1:37:22]} 3. Nf3 {[%clk 1:40:27]} e6 {[%clk 1:37:31]} 4. e3
{[%clk 1:40:20]} d5 {[%clk 1:32:20]} 5. d4 {[%clk 1:39:52]} Nc6 {[%clk 1:31:44]}
6. cxd5 {[%clk 1:40:02]} exd5 {[%clk 1:31:28]} 7. Bb5 {[%clk 1:40:25]} Bd6
{[%clk 1:15:45]} 8. O-O {[%clk 1:38:54]} O-O {[%clk 1:16:03]} 9. dxc5
{[%clk 1:39:02]} Bxc5 {[%clk 1:16:26]} 10. b3 {[%clk 1:36:09]} Qd6
{[%clk 1:08:51]} 11. Na4 {[%clk 1:34:52]} Bb4 {[%clk 1:09:19]} 12. Bd2
{[%clk 1:34:19]} Ba3 {[%clk 1:09:39]} 13. Bc1 {[%clk 1:28:04]} Bb4
{[%clk 1:03:14]} 14. Bb2 {[%clk 1:27:19]} Rd8 {[%clk 1:02:19]} 15. a3
{[%clk 1:26:30]} Ba5 {[%clk 1:02:38]} 16. b4 {[%clk 1:26:45]} Bb6
{[%clk 0:55:52]} 17. h3 {[%clk 1:23:03]} Bd7 {[%clk 0:41:53]} 18. Rc1
{[%clk 1:21:49]} Qe7 {[%clk 0:40:27]} 19. Nc5 {[%clk 1:20:43]} Bxc5
{[%clk 0:24:30]} 20. Rxc5 {[%clk 1:20:41]} a5 {[%clk 0:24:09]} 21. Bxc6
{[%clk 1:17:00]} Bxc6 {[%clk 0:18:49]} 22. Rxa5 {[%clk 1:12:23]} Rxa5
{[%clk 0:19:03]} 23. bxa5 {[%clk 1:12:46]} Bb5 {[%clk 0:18:55]} 24. Re1
{[%clk 1:13:06]} Ne4 {[%clk 0:19:21]} 25. Nd4 {[%clk 1:12:47]} Bd7
{[%clk 0:14:23]} 26. Nf3 {[%clk 1:09:28]} Qc5 {[%clk 0:12:43]} 27. Qd4
{[%clk 1:09:24]} Qxd4 {[%clk 0:13:04]} 28. Bxd4 {[%clk 1:09:48]} Bb5
{[%clk 0:12:57]} 29. Rc1 {[%clk 1:08:13]} f6 {[%clk 0:13:15]} 30. Bb6
{[%clk 1:08:03]} Rd7 {[%clk 0:12:53]} 31. Rc8+ {[%clk 1:06:41]} Kf7
{[%clk 0:13:22]} 32. Nd4 {[%clk 1:06:55]} Bc4 {[%clk 0:10:49]} 33. f3
{[%clk 1:06:24]} Nd6 {[%clk 0:10:18]} 34. Rh8 {[%clk 1:06:41]} Bd3
{[%clk 0:08:34]} 35. Bc5 {[%clk 1:06:37]} h6 {[%clk 0:00:35]} 36. h4
{[%clk 1:05:51]} Bc4 {[%clk 0:00:32]} 37. h5 {[%clk 1:05:58]} Bd3
{[%clk 0:00:45]} 38. Kf2 {[%clk 1:05:40]} Bc4 {[%clk 0:00:31]} 39. g4
{[%clk 1:05:56]} Bd3 {[%clk 0:00:51]} 40. Ke1 {[%clk 1:06:16]} f5
{[%clk 0:00:54]} 41. Kd2 {[%clk 1:05:12]} Bb1 {[%clk 0:01:23]} 42. gxf5
{[%clk 1:05:25]} Kf6 {[%clk 0:01:34]} 43. Bxd6 {[%clk 1:05:42]} Rxd6
{[%clk 0:01:55]} 44. Rb8 {[%clk 1:06:05]} Ba2 {[%clk 0:00:32]} 45. Rxb7
{[%clk 1:06:25]} Kg5 {[%clk 0:00:35]} 46. Rb6 {[%clk 1:06:35]} Rd7
{[%clk 0:00:57]} 47. Rg6+ {[%clk 1:06:38]} Kxh5 {[%clk 0:00:54]} 48. Rg4
{[%clk 1:06:59]} Rb7 {[%clk 0:00:38]} 49. Ne6 {[%clk 1:07:12]} g5
{[%clk 0:00:46]} 50. fxg6 {[%clk 1:07:33]} Rb2+ {[%clk 0:01:02]} 51. Kc1
{[%clk 1:07:48]} Rb1+ {[%clk 0:00:56]} 52. Kc2 {[%clk 1:08:12]} 1-0

[Event "1SM"]
[Site "Sharjah Chess Club"]
[Date "2017.03.29"]
[Round "7.29"]
[White "Thakur, Akash"]
[Black "Karthikeyan, P."]
[Result "1/2-1/2"]
[BlackElo "2507"]
[WhiteElo "2363"]
[LiveChessVersion "1.4.8"]

1. e4 {[%clk 1:39:32]} c5 {[%clk 1:40:44]} 2. Nf3 {[%clk 1:39:31]} d6
{[%clk 1:40:57]} 3. Bb5+ {[%clk 1:39:51]} Nd7 {[%clk 1:41:20]} 4. O-O
{[%clk 1:39:07]} a6 {[%clk 1:40:32]} 5. Bd3 {[%clk 1:39:21]} Ngf6
{[%clk 1:37:57]} 6. c3 {[%clk 1:39:42]} e5 {[%clk 1:36:51]} 7. Bc2
{[%clk 1:39:09]} Be7 {[%clk 1:36:44]} 8. d4 {[%clk 1:37:55]} O-O {[%clk 1:35:22]}
9. a4 {[%clk 1:37:12]} b6 {[%clk 1:31:59]} 10. dxe5 {[%clk 1:34:39]} dxe5
{[%clk 1:29:33]} 11. c4 {[%clk 1:34:35]} Qc7 {[%clk 1:20:30]} 12. Nc3
{[%clk 1:33:35]} Nb8 {[%clk 1:19:44]} 13. a5 {[%clk 1:26:51]} Bg4
{[%clk 1:10:51]} 14. axb6 {[%clk 0:58:39]} Qxb6 {[%clk 1:10:47]} 15. Nd5
{[%clk 0:59:00]} Nxd5 {[%clk 1:03:18]} 16. cxd5 {[%clk 0:53:16]} c4
{[%clk 0:53:37]} 17. h3 {[%clk 0:47:54]} Bxf3 {[%clk 0:51:02]} 18. Qxf3
{[%clk 0:48:19]} Bc5 {[%clk 0:47:39]} 19. Qc3 {[%clk 0:36:11]} Qc7
{[%clk 0:46:28]} 20. Be3 {[%clk 0:31:09]} Bxe3 1/2-1/2